000 00731nam a2200241 a 4500
001 BRCA_6588
005 20190320205520.0
008 021011s1963----nyua######---#000-0#eng-#
041 _aeng
044 _au
050 4 _aND615
_b.C65 7 1963
100 1 _aBorea, Evelina.
_916439
245 1 0 _aThe High Renaissance
_bItalian Painting
_cby Evelina Borea.
260 _aE. U. A.
_bMcGraw-Hill
_cc1963
300 _a47 p.
_bil.
_c25 cm.
_e24 diapositivas.
440 0 _aColor Slide Program of the World´s Art
_v7
_916440
500 _aDonación Dra. Elsa Barberena
650 1 4 _aPintura
_xRenacimiento
_zItalia
_916441
650 1 4 _aArte italiano
_916442
650 1 4 _aPintura
_xDiapositivas
_916443
902 _aDEB
942 _2lcc
_cB
999 _c6272
_d6272